Largest European Cities on a Map by Letter - K - Statistics

General Stats
  • This quiz has been taken 320 times
  • The average score is 9 of 27
Answers on the Map
Answers color-coded by a green-red scale on the quiz's map according to % correct below.
 
Answer Stats
Pop. City % Correct
2.95m Kiev
96%
769k Krakow
86%
481k Kaliningrad
80%
1.45m Kharkiv
77%
294k Katowice
70%
287k Kaunas
67%
290k Kingston upon Hull
54%
921k Krasnodar
53%
315k Karlsruhe
52%
148k Klaipėda
37%
202k Kassel
35%
290k Kherson
30%
453k Kursk
29%
227k Krefeld
25%
343k Kaluga
22%
152k Kerch
20%
196k Kielce
18%
154k Kragujevac
16%
624k Kryvyi Rih
15%
278k Kostroma
13%
269k Khmelnytskyi
8%
154k Kramatorsk
8%
257k Khimki
7%
220k Kremenchuk
7%
227k Kropyvnytskyi
7%
233k Kamianske
6%
224k Korolyov
4%
No matching quizzes found
Score Distribution
Percent of People with Each Score
Percentile by Number Answered
Your Score History
You have not taken this quiz